| 000 | 00449nam a2200169Ia 4500 | ||
|---|---|---|---|
| 008 | 130318s9999 xx 000 0 und d | ||
| 020 | _a9788131705346 | ||
| 082 | _a511.313 YEN/F | ||
| 100 | _aYen, John | ||
| 245 | _aFuzzy logic:Intelligence, control and information | ||
| 260 |
_bPearson Education _aNew Delhi _c1999 |
||
| 300 | _a530 | ||
| 650 | _aFUZZY LOGIC | ||
| 650 | _aFUZZY SETS | ||
| 650 | _aINFORMATION SYSTEM | ||
| 700 | _aLangari, Reza | ||
| 999 |
_c2296 _d2296 |
||